| 000 | 03459cam a2200529Mi 4500 | ||
|---|---|---|---|
| 999 |
_c5197 _d5197 |
||
| 001 | ocn972886139 | ||
| 003 | OCoLC | ||
| 005 | 20200115112737.0 | ||
| 008 | 170214t20172017fr a f b 001 0 fre d | ||
| 016 | 7 |
_aFRBNF451999510000008 _2FrPBN |
|
| 017 |
_aDLE-20170127-5352 _bFR |
||
| 020 |
_a9782847699937 _q(br) |
||
| 020 |
_a2847699937 _q(br) |
||
| 024 | 3 | _a9782847699937 | |
| 035 | _a(OCoLC)972886139 | ||
| 040 |
_aZWZ _bfre _encafnor _cTZ-ArACH |
||
| 041 | 0 |
_afre _ffre |
|
| 049 | _aTZAA | ||
| 050 | 4 |
_aHD5668 _b.P62 2017 |
|
| 082 | 0 | 4 |
_a657.458 _222 |
| 100 | 1 |
_aPigé, Benoît. _4aut |
|
| 245 | 1 | 0 |
_aAudit et contrôle interne : _bde la conformité au jugement / _cPigé, Benoît. |
| 250 | _a4e édition. | ||
| 260 |
_aCaen : _bÉditions EMS, management & société, _cDL 2017, cop. 2017 _e(27-Mesnil-sur-l'Estrée : _fImpr. CPI Firmin-Didot) |
||
| 300 |
_a1 vol. (216 p.) : _bill. ; _c24 cm. |
||
| 490 | 1 | _aLes essentiels de la gestion | |
| 504 | _aNotes bibliogr. Index. | ||
| 506 |
_aAccès réservé aux membres des établissements autorisés. _5CaQQUQ |
||
| 520 | _aDans une économie mondialisée, où les relations sociales se distendent et où les normes morales et sociales connaissent des évolutions très fortes, le besoin de confiance apparaît plus que jamais nécessaire. En formalisant les procédures, les mécanismes de contrôle et les règles de supervision, le contrôle interne apporte la garantie que le produit ou le service réalisé correspond bien aux caractéristiques qui lui sont attribuées. L'audit est le complément, la certification (le plus souvent externe) que les procédures de contrôle interne fonctionnent et sont adaptées, et que le produit ou le service réalisé respecte les normes en vigueur. Sans un système de contrôle interne efficace et efficient qui apporte la garantie d'un réel pilotage de l'organisation, et sans un audit de qualité qui apporte aux parties prenantes la confiance dans l'information transmise, c'est l'ensemble du système de gouvernance de l'entreprise qui s'effondre. Se former au contrôle interne et à l'audit ne devrait donc pas d'abord consister en l'apprentissage de normes qu'il suffirait d'appliquer, mais plutôt en la formation du jugement, de la capacité humaine à appréhender un système complexe pour en percevoir les forces et les faiblesses et pour en évaluer les risques qui pèsent sur les diverses parties prenantes. | ||
| 650 | 4 |
_aEntreprises _xComptabilité _xGuides pratiques et mémentos. |
|
| 650 | 4 |
_aVérification interne _zFrance _xGuides pratiques et mémentos. |
|
| 650 | 4 |
_aContrôle de gestion _zFrance _xGuides pratiques et mémentos. |
|
| 650 | 6 | _aVérification interne. | |
| 650 | 7 |
_aEntreprises _xComptabilité _xGuides pratiques et mémentos. _2ram |
|
| 650 | 7 |
_aVérification interne _zFrance _xGuides pratiques et mémentos. _2ram |
|
| 650 | 7 |
_aContrôle de gestion _zFrance _xGuides pratiques et mémentos. _2ram |
|
| 650 | 7 |
_aContrôle _2rero |
|
| 650 | 7 |
_aGestion d'entreprise. _2rero |
|
| 650 | 7 |
_aÉvaluation. _2rero |
|
| 650 | 7 |
_aAuditing _xInternal |
|
| 655 | 6 | _aRessources Internet | |
| 830 | 0 | _aEssentiels de la gestion (Paris) | |
| 856 | 4 | 2 |
_3Notice et cote du catalogue de la Bibliothèque nationale de France _uhttp://catalogue.bnf.fr/ark:/12148/cb45199951r |
| 856 | 4 | 1 |
_3Accès au document _uhttp://international.scholarvox.com/book/88838782 |
| 886 | 2 |
_2unimarc _a181 _ai# _bxxxe## |
|
| 942 |
_2lcc _cBOOK |
||